"Cumhuriyet Halk Partisi" Paneli (Record no. 1025)

MARC details
000 -BAŞLIK
Sabit Uzunlukta Kontrol Alanı 01051na a2200277 4500
001 - KONTROL NUMARASI
Denetim Alanı 21311
003 - KONTROL NUMARASI IDENTIFIER
Denetim Alanı MIRAKIL
005 - SON İŞLEM TARİHİ VE ZAMANI
Denetim Alanı 20181213154809.0
008 - SABİT-BOY VERİ ELEMANLARI - GENEL BİLGİLER
Sabit Uzunlukta Kontrol Alanı 170203b tu 000 0
020 ## - ULUSLARARASI STANDART KİTAP NUMARASI
Uluslararası Standart Kitap Numarası 9756889047
035 ## - SİSTEM KONTROL NUMARASI
Sistem Kontrol Numarası 15247
040 ## - KATALOGLAMA KAYNAK
Orijinal Kataloglama Ajansı Milas
Kataloglama Dili tur
Metne Dönüştürmek Ajansı TR-AnCHP
041 ## - DİL KODU
Metin / Ses Parça Veya Ayrı Başlığın Dil Kodu tur
082 ## - DEWEY ONLU SINIFLANDIRMA NUMARASI
Sınıflandırma Numarası CHP 324.2172
Ürün Numarası C85c 1999
090 ## - SINIFLAMA NUMARASI
Sınıflama Numarası CHP 324.2372 C85c 1999
111 ## - ANA GİRİŞ - TOPLANTI ADI
Giriş Elemanı Olarak Toplantı Adı Veya Yargı Alanı Adı Cumhuriyet Halk Partisi Paneli
Toplantının Yeri Çankaya Belediyesi Çağdaş Sanatlar Müzesi, Ankara
Toplantı Veya Antlaşma İmzalandığı Tarihi 16 Haziran 1999
245 ## - BAŞLIK TABLOSU
Başlık "Cumhuriyet Halk Partisi" Paneli
Sorumluluk Tablosu, Vb [Düzenleyen] Mülkiyeliler Birliği Genel Merkezi ; Yöneten Hasan Tahsin Benli; konuşmacılar Prof. Dr. Ayşe Ayata, Prof. Dr. Alparsaln Işıklı, Prof. Dr. Yakup Kepenek
246 ## - UNVAN FORM VARYING
Başlık Doğru / Kısa Başlığı CHP paneli
260 ## - YAYIN, DAĞITIM, VB
Yayın, Dağıtım, Vb Yeri Ankara
Yayıncı, Dağıtıcı, Vs Adı Mülkiyeliler Birliği Genel Merkezi
Yayın, Dağıtım, Vb Tarihi 1999
300 ## - FİZİKSEL TANIM
Kapsam 55 s.
Boyutlar 23 sm.
440 ## - SERİSİ TABLOSU / KATMA GİRİŞİ - BAŞLIK
Başlık Mülkiyeliler Birliği Genel Merkezi
Hacim / Ardışık Tanımı 3
610 ## - KONU KATMA GİRİŞ - TOPLANTI ADI
Giriş Elemanı Olarak Kurumsal Ad Veya Yargı Alanı Adı Cumhuriyet Halk Partisi (CHP)
651 ## - KONU KATMA GİRİŞ - COĞRAFİ ADI
Coğrafi İsim Türkiye
Genel Alt Bölümü Toplantılar
Kronolojik Alt Bölümü CHP
710 ## - KATMA GİRİŞ - KURUMSAL ADI
Giriş Elemanı Olarak Kurumsal Ad Veya Yargı Alanı Adı Mülkiyeliler Birliği Genel Merkezi
942 ## - EKLENDİ GİRİŞ ELEMANLARI (KOHA)
Sınıflandırma Veya Raf Düzeni Kaynak Dewey Decimal Classification
Koha Öğesi Türü Books
999 ## - SİSTEM KONTROL NUMARALARI (KOHA)
Koha Biblionumber 1025
Koha Biblioitemnumber 1025
Holdings
Kullanım Kısıtlamaları Kalıcı Konum Mevcut Konum Edinme Tarihi Edinim Kaynak Kodlu Konum Eleme Toplam Check-Out'Lar Tam Çağrı Numarası Barkod Tarih Son Görülme İtibaren Geçerli Fiyatlar Koha Öğesi Türü
Kütüphane dışına çıkarılamaz CHP Kütüphanesi CHP Kütüphanesi 02/03/2017 Bağış CHP   CHP 324.2372 C85c 1999 013373 02/03/2017 02/03/2017 Books